000 00302nam a2200133Ia 4500
008 240624s9999 xx 000 0 und d
041 _aeng
082 _a823 DEA
100 _aDEAVER JEFFERY
245 _aEDGE
260 _c2011
_aNew Delhi
_bHodder
300 _a25 : p. : cm. ; 18
365 _cRS
_b25
999 _c19884
_d19884